| 000 | 00959nam a2200217 a 4500 | ||
|---|---|---|---|
| 008 | 100121s2008 ||||||||||||||||| || u | ||
| 020 | _a9780755318285 | ||
| 050 | _aHD 62.5 Bla | ||
| 100 | _aWills, Ethan | ||
| 245 | 1 | 4 |
_aThe one minute entrepreneur: the secrete to creating and sustaining a successful business _cKen Blanchard, Don Hutson and Ethan Wills |
| 260 |
_aNew York _bHeadline Publishing _c2008 |
||
| 300 | _axv, 133p. | ||
| 350 | _a0.00 | ||
| 650 | 0 | _aENTREPRENEURSHIP | |
| 650 | 0 | _aNEW BUSINESS ENTERPRISES | |
| 650 | _aENTERPRENEURSHIP | ||
| 700 | _aBlanchard, Ken | ||
| 700 | _aHutson, Don | ||
| 995 |
_D0.00 _FCBU-MAIN LIBRARY (Kitwe) _H1 _I0.00 _M1 _UAVAILABLE _WMar 4, 2010 _ZMain Library Open Access Collection |
||
| 995 |
_D0.00 _FCBU-MAIN LIBRARY (Kitwe) _H1 _I0.00 _M2 _UAVAILABLE _WMar 4, 2010 _ZMain Library Open Access Collection |
||
| 999 |
_c81557 _d81557 |
||